Southville International School and Colleges
Your cart is empty.
  • Cart
  • Lists
    Public lists list_1 View all
    Your lists Log in to create your own lists
  • Log in to your account
  • Your cookies
  • Search history
Southville International School and Colleges
  • Advanced search
  • Recent comments
  • Most popular
  • Libraries

Log in to your account

Log in with GOOGLE


If you do not have an external account, but do have a local account, you can still log in:

  1. Home
  2. MARC view: Basic steps in planning nursing research :
Normal view MARC view ISBD view

Basic steps in planning nursing research : (Record no. 357677)

[ view plain ]
MARC details
000 -LEADER
fixed length control field 00665nam a2200229Ia 4500
008 - FIXED-LENGTH DATA ELEMENTS--GENERAL INFORMATION
fixed length control field 180523s9999 xx 000 0 und d
020 ## - INTERNATIONAL STANDARD BOOK NUMBER
International Standard Book Number 971-584-392-1
050 ## - LIBRARY OF CONGRESS CALL NUMBER
Classification number MAIN RT 81.2
050 ## - LIBRARY OF CONGRESS CALL NUMBER
Item number .B75 2001
100 ## - MAIN ENTRY--PERSONAL NAME
Personal name Brink, Pamela J.
245 #0 - TITLE STATEMENT
Title Basic steps in planning nursing research :
245 #0 - TITLE STATEMENT
Remainder of title from question to proposal /
245 #0 - TITLE STATEMENT
Statement of responsibility, etc Pamela J. Brink, Marilyn J. Wood.
250 ## - EDITION STATEMENT
Edition statement 5th Edition
260 ## - PUBLICATION, DISTRIBUTION, ETC. (IMPRINT)
Place of publication, distribution, etc Boston :
260 ## - PUBLICATION, DISTRIBUTION, ETC. (IMPRINT)
Name of publisher, distributor, etc Jones and Bartlett Publishers,
260 ## - PUBLICATION, DISTRIBUTION, ETC. (IMPRINT)
Date of publication, distribution, etc 2001
300 ## - PHYSICAL DESCRIPTION
Extent 408 pages :
300 ## - PHYSICAL DESCRIPTION
Dimensions 22 cm.
500 ## - GENERAL NOTE
General note Includes bibliographical references and index.
650 ## - SUBJECT ADDED ENTRY--TOPICAL TERM
Topical term or geographic name as entry element Nursing -- Research -- Planning.
Holdings
Withdrawn status Lost status Damaged status Home library Current library Shelving location Date acquired Total Checkouts Full call number Barcode Date last seen Price effective from Koha item type
      South Mansfield College South Mansfield College   09/21/2006   MAIN RT 81.2 .B75 2001 SMC03439 05/23/2018 05/23/2018  

Basic steps in planning nursing research :

APA

Brink P. J., .Basic steps in planning nursing research. Boston: .

Chicago

Brink Pamela J, .Basic steps in planning nursing research. Boston: .

Harvard

Brink P. J., .Basic steps in planning nursing research. Boston: .

MLA

Brink Pamela J, .Boston: . .

  • Place hold
  • Print
  • Cite
  • Add to your cart (remove)
  • Save record
    BIBTEX Dublin Core MARCXML MARC (non-Unicode/MARC-8) MARC (Unicode/UTF-8) MARC (Unicode/UTF-8, Standard) MODS (XML) RIS
  • More searches
    Search for this title in:
    Other Libraries (WorldCat) Other Databases (Google Scholar) Online Stores (Bookfinder.com) Open Library (openlibrary.org)

Exporting to Dublin Core...

SOUTHVILLE LIBRARY

Southville International School and Colleges Library

1281 Tropical Ave. Cor. Luxembourg St., BF Homes International, Las Pinas City

Tel. No. 8256374 / 252358 Loc. 117/146

Powered by Koha